Statistiques concernant Trivia test - Lionel Messi

Cliquez ici pour prendre le quiz!

Statistiques générales

  • Ce quiz a été pris 311 fois
  • Le résultat moyen est 7 sur 10

Statistiques - réponses

QuestionRéponse% Correct
Quel est le surnom donné à Lionel Messi ?La pulga
99%
Quels sont les prénoms des 3 enfants de Lionel Messi ?Mateo, Ciro et Thiago
97%
En quelle année Lionel Messi n’a-t-il pas remporté le Ballon d’Or ?2018
87%
Lionel Messi est un champion olympique. Vrai ou faux ?Vrai
80%
Combien de buts ont été marqués par Lionel Messi à Barcelone sur la période 2004-2021 ?672
77%
Dans quel club argentin, Lionel Messi a-t-il joué en junior entre avant d’aller à Barcelone ?newell's old boys
76%
Que s’est-il passé le 17 août 2005, lors de la première sélection nationale argentine de Lionel Messi ?Il est exclu après 1 minute de jeu
62%
Pendant combien d’années Messi est-il resté au FC Barcelone ?21
59%
Comment Lionel Messi se fait-il remarquer par le FC Barcelone ?Il envoie une vidéo où il jongle avec une orange
43%
Quel est le montant déboursé par le PSG pour la saison 2021-2022 pour s'offrir Lionel Messi ?80 millions d'euros
20%

Distribution des résultats

Percentile par nombre de réponses

% des personnes avec chaque résultat

Votre développement - résultats

Vous n’avez pas pris ce quiz